• 首页
  • 本馆介绍
  • 公告通知
  • 最新文献
  • 馆藏检索
  • 电子资源
  • 读者导购
  • 参考咨询
  • 我的图书馆
  • 登录
  • 详细信息显示
  • 放入我的书架
  • 预约/预借图书
  • 作者相关作品
  • 分类相关作品
  • 丛书相关作品
  • 出版社相关作品

书目信息

  • 表格格式
  • 工作单格式
  • 卡片格式
题名:
文学佳作选
    
 
作者: 王晓君 编著
分册: 2018   散文卷
出版信息: 北京   华文出版社  2019
页数: 275页
开本: 26cm
丛书名:
单 册:
中图分类: I217.61 , I267
科图分类:
主题词: 中国文学--当代文学--选集 , 散文集--中国--当代
电子资源:
ISBN: 978-7-5075-5145-7
000 01212nam0 2200277 450
001 2337524807
005 20231011102624.61
010    @a978-7-5075-5145-7@dCNY38.00
100    @a20200106d2019 em y0chiy50 ea
101 0  @achi
102    @aCN@b110000
105    @ay z 000cy
200 1  @a文学佳作选@Awen xue jia zuo xuan@h2018@i散文卷@f王晓君编著
210    @a北京@c华文出版社@d2019
215    @a275页@d26cm
312    @a版权页题名:中国文学佳作选,散文卷
314    @a王晓君,笔名筱筠,小暑。20世纪70年代出生。北京作家协会会员。曾出版小说、散文合集《独自一人的夜晚》,散文合集《约会后的一声叹息》等。
330    @a本书收录了当代著名作家近一年来的优秀散文,包括张炜、阿成、孙郁、梁衡、宁肯、阿来、艾克拜尔、原野、人邻、祝勇、胡竹风、凸凹、李修文等四十位作家的年度佳作。其中还有晶达、刘星元、苏南、王芳、宋长征、江徐等八零后作家的优秀作品。他们用极具个性的精美文字,阐释人性,直面人生,直抵心灵。
517 1  @a中国文学佳作选@9zhong guo wen xue jia zuo xuan@i散文卷
606 0  @a中国文学@x当代文学@j选集
606 0  @a散文集@y中国@z当代
690    @aI217.61@v5
690    @aI267@v5
701  0 @a王晓君@Awang xiao jun@4编著
801  0 @aCN@b91MARC@c20200113
905    @aZUCC@dI217.61@e94:2018:1
    
    文学佳作选.2018.散文卷/王晓君编著.-北京:华文出版社,2019
    275页;26cm
    
    
    ISBN 978-7-5075-5145-7:CNY38.00
    本书收录了当代著名作家近一年来的优秀散文,包括张炜、阿成、孙郁、梁衡、宁肯、阿来、艾克拜尔、原野、人邻、祝勇、胡竹风、凸凹、李修文等四十位作家的年度佳作。其中还有晶达、刘星元、苏南、王芳、宋长征、江徐等八零后作家的优秀作品。他们用极具个性的精美文字,阐释人性,直面人生,直抵心灵。
●
相关链接 在五车中查询图书 在当当中查询图书 在豆瓣中查询图书


正题名:文学佳作选     索取号:I217.61/94:2018:1         预约/预借

序号 登录号 条形码 馆藏地/架位号 状态 备注
1 2001004981   2001004981   第四书库/四11架B面2层3列/ [索取号:I217.61/94:2018:1] 在馆    
2 2001004982   2001004982   第四书库/四11架B面2层3列/ [索取号:I217.61/94:2018:1] 在馆    
3 2001004983   2001004983   第四书库/四11架B面2层3列/ [索取号:I217.61/94:2018:1] 在馆    
4 2001004984   2001004984   第四书库/四11架B面2层3列/ [索取号:I217.61/94:2018:1] 在馆    
5 2001004985   2001004985   第四书库/四11架B面2层3列/ [索取号:I217.61/94:2018:1] 在馆    
6 2001004986   2001004986   第四书库/四11架B面2层3列/ [索取号:I217.61/94:2018:1] 在馆    
山东省滨州职业学院图书馆 欢迎您!
大连网信软件有限公司© 版权所有